Latin by Emoji Quiz Stats

 Plays Quiz Updated Jun 27, 2017

     
Support Sporcle.
Go Orange.
Score 0/12 Timer 03:00
7 Plays Today
% Correct
Acta non verba (Deeds, not words)
86.2%
Post mortem (After death)
86.1%
In vino veritas (In wine there is the truth)
83.3%
Auribus teneo lupum (Holding a wolf by the ears)
82.1%
Ad Nauseam (To the point of disgust)
81.4%
Tempus fugit (Time flies)
78.8%
Compos mentis (In command of one's mind)
74.3%
Veni, vidi, vici (I came, I saw, I conquered)
73.4%
Alma mater (Nourishing mother)
73.1%
Primus inter pares (First among equals)
71.3%
Solvitur ambulando (It is solved by walking)
68.7%
Requiescat in pace (May he rest in peace)
68.4%

From the Vault

57 'F' Movies

by DarkPhalanx

Movies 14m
Run, 'F' Movies, run!
Remove Ads.
Support Sporcle.
Get the best of Sporcle when you Go Orange. This ad-free experience offers more features, more stats, and more fun while also helping to support Sporcle. Thank you for becoming a member.

Show Comments

Extras

Top Quizzes Today


Score Distribution

Your Account Isn't Verified!

In order to create a playlist on Sporcle, you need to verify the email address you used during registration. Go to your Sporcle Settings to finish the process.

Report this User

Report this user for behavior that violates our Community Guidelines.

Details: